| 000 | 00642nam a2200217 a 4500 | ||
|---|---|---|---|
| 005 | 20140310183443.0 | ||
| 008 | 080925s19uu xx 00 eng d | ||
| 020 | _a0071463305 | ||
| 050 |
_aHF 5549.5.M63 _b.B778 2006 |
||
| 100 | _aBruce, Anne | ||
| 245 |
_aHow to motivate every employee : _b24 proven tactics to spark productivity in the workplace / _cAnne Bruce. |
||
| 260 |
_aNew York : _bMcGraw-Hill, _c2006. |
||
| 300 |
_a108 p. : _bill. ; _c22 cm. |
||
| 521 | _aBSBA | ||
| 650 | _aHRM. | ||
| 650 | _aEmployee motivation. | ||
| 650 | _aPerformance. | ||
| 650 | _aPersonnel management | ||
| 942 |
_cBK _2lcc _kFOR |
||
| 999 |
_c23200 _d23200 |
||